| 000 | 00969cam a2200205 4500 | ||
|---|---|---|---|
| 001 | WB3701-40 | ||
| 008 | 000000n2000 000 0 eng u | ||
| 035 | _a(Sirsi) u110025 | ||
| 245 | _aIncreased grant aid in NVZs | ||
| 260 | _c2000 | ||
| 490 |
_aMAFF News Release _v(448) 19 December 2000 (2) |
||
| 520 | _aAs part of the Action Plan for Farming the rate of grant under the NVZ Farm Waste Grant Scheme has been increased from 25% to 40% of eligible expenditure. This will help farmers to meet the costs associated with installing additional waste handling and storage facilities in order to comply with mandatory Action Program measures in NVZs. The new rate will apply to applications lodged with MAFF between 29/11/00 and 17/4/03. | ||
| 590 | _aWB | ||
| 650 | _aACTION PLAN FOR FARMING | ||
| 650 | _aNITRATE VULNERABLE ZONES | ||
| 650 | _aNVZ FARM WASTE GRANT SCHEME | ||
| 650 | _aFARM WASTE | ||
| 690 | _aRURAL-FARM BUSINESS MANAGEMENT | ||
| 942 | _n0 | ||
| 999 |
_c65628 _d65628 |
||